000 00318nam a2200121Ia 4500
005 20251222144742.0
008 251222s9999||||xx |||||||||||||| ||spa||
082 _a346.017.8/U61
245 0 _aNuevas Tendencias en la Legislación de Adopción a Menores
250 _a1
264 _bFondo Editorial PUCP
942 _cLIB
999 _c18998
_d18998